000 00519nam a2200217Ia 4500
003 ARRUPE
005 20130412155855.0
008 130307s9999 xx 000 0 und d
040 _cARRUPELIB
050 _aB2908.F7 1953
245 4 _aThe philosophy of hegel
260 _aNew York
260 _bThe modern philosophy of Hegel
260 _c1953
300 _a551p.
300 _b17cm
650 _aPHILOSOPHY
_927
650 _bPhilosophy
_928
700 _aFriedrich, Carl J
_929
942 _2lcc
_cMONOGRAPH
999 _c94202
_d94202